000
00340nam a2200157Ia 4500
003
Ost
005
20260225132545.0
008
260225s9999||||xx |||||||||||||| ||und||
040
_c
fsic
041
_a
fre
082
_a
440
100
_a
Ali el kenz
_e
Auteur
245
0
_a
Au fil de la crise /
245
0
_c
Ali el kenz
942
_c
كتاب
999
_c
33797
_d
33797